00795cam a2200193 i 45000010009000000050017000090080041000260200018000670500023000850820014001081000027001222450240001492500020003892600044004093000052004535000047005056500022005527000027005741940230920250317180422.0161209s2017 enka b 001 0 eng  a978129211218300aHM1221 b.T46 201700a659.22231 aTench, Ralph,eauthor.10aExploring public relations :bglobal strategic communication /cRalph Tench, Professor of Communication Education, Leeds Beckett University, Liz Yeomans, Principal Lecturer, Public Relations and Communication, Leeds Beckett University. aFourth Edition. aHarlowbPearson Education Limitedc2017 axxix, 578 pages :bcolor illustrations ;c26 cm aRevised edition of Public relations, 2013. 0aPublic relations.1 aYeomans, Liz,eauthor.